LIBRARY & INFORMATION CENTRE, KCAET, TAVANUR

ONLINE PUBLIC ACCESS CATALOGUE (OPAC)

Quantitative analysis of runoff parameters in selected river basins of Kerala (Record no. 15326)

MARC details
000 -LEADER
fixed length control field 00391nam a22001337a 4500
082 ## - DEWEY DECIMAL CLASSIFICATION NUMBER
Classification number 631.587
Item number JAY/QU
100 ## - MAIN ENTRY--AUTHOR NAME
Personal name JAYASREE S
245 ## - TITLE STATEMENT
Title Quantitative analysis of runoff parameters in selected river basins of Kerala
260 ## - PUBLICATION, DISTRIBUTION, ETC. (IMPRINT)
Place of publication Tavanur
Name of publisher Kelappaji College of Agricultural Engineering and Technology
Year of publication 1990
300 ## - PHYSICAL DESCRIPTION
Number of Pages 115
500 ## - GENERAL NOTE
General note Thesis
520 ## - SUMMARY, ETC.
Summary, etc Thesis
942 ## - ADDED ENTRY ELEMENTS (KOHA)
Koha item type Theses
Holdings
Withdrawn status Lost status Damaged status Home library Current library Date acquired Full call number Accession Number Koha item type
      KAUAET KAUAET 03/03/2018 631.587 JAY/QU 16720 Theses
free website counter